| 000 | 00000cam 2200000zi 4500 |
| 001 | 9.954244 |
| 003 | CaOODSP |
| 005 | 20260528103935 |
| 006 | m o d f |
| 007 | cr mn||||||||| |
| 008 | 250819e202508##onc o f000 0 eng d |
| 020 | |a9780660785400 |
| 040 | |aCaOODSP|beng|erda|cCaOODSP |
| 043 | |an-cn--- |
| 086 | 1 |aP114-38/2025E-PDF |
| 245 | 00|aReview of a complaint : |bacquisition of digital product accessibility auditing and consulting professional services by Employment and Social Development Canada / |cOffice of the Procurement Ombud. |
| 246 | 10|aAcquisition of digital product accessibility auditing and consulting professional services by Employment and Social Development Canada |
| 264 | 1|aOttawa, ON : |bOffice of the Procurement Ombud = Bureau de l'ombud de l'approvisionnement, |cAugust 2025. |
| 300 | |a1 online resource (18 pages) |
| 336 | |atext|btxt|2rdacontent |
| 337 | |acomputer|bc|2rdamedia |
| 338 | |aonline resource|bcr|2rdacarrier |
| 500 | |aCover title. |
| 500 | |a"Protecting fairness, openness & transparency in federal procurement." |
| 500 | |aIssued also in French under title: Examen d'une plainte : acquisition de services professionnels d'audit et de conseil en matière d'accessibilité des produits numériques par Emploi et Développement social Canada. |
| 520 | |a"On February 21, 2025, the Office of the Procurement Ombud (OPO) received a written complaint from a Canadian supplier (the Complainant) regarding a contract awarded by Employment and Social Development Canada (ESDC). The contract was for the provision of Digital Product Accessibility Auditing and Consulting Services and was awarded under the Professional Services (ProServices) Supply Arrangement (SA). It was awarded on February 18, 2025, and was valued at $CAD 9,450.00 (taxes excluded)"--The complaint, page 4. |
| 610 | 10|aCanada. |bEmployment and Social Development Canada|xProcurement|xEvaluation. |
| 650 | 0|aWork environment|xBarrier-free design|zCanada|xEvaluation. |
| 650 | 0|aGovernment consultants|zCanada. |
| 650 | 0|aInternet in public administration|zCanada|xEvaluation. |
| 710 | 1 |aCanada. |bOffice of the Procurement Ombud, |eissuing body. |
| 775 | 08|tExamen d'une plainte : |w(CaOODSP)9.954245 |
| 856 | 40|qPDF|s374 KB|uhttps://publications.gc.ca/collections/collection_2026/spac-pspc/P114-38-2025-eng.pdf |
| 856 | 4 |qHTML|sN/A|uhttps://opo-boa.gc.ca/praapp-prorev/2025/ep-cr-08-2025-eng.html |